Producto bruto geográfico (Registro nro. 4321)

Detalles MARC
000 -LEADER
fixed length control field 01080 a2200241 4500
001 - CONTROL NUMBER
control field 47216
005 - DATE AND TIME OF LATEST TRANSACTION
control field 20260407155740.0
008 - FIXED-LENGTH DATA ELEMENTS--GENERAL INFORMATION
fixed length control field 260407a2012 arg spa d
003 - CONTROL NUMBER IDENTIFIER
control field AR-UNSa-BCEJYS
040 ## - CATALOGING SOURCE
Original cataloging agency AR-UNSa-BCEJYS
Language of cataloging spa
Transcribing agency AR-UNSa-BCEJYS
080 ## - UNIVERSAL DECIMAL CLASSIFICATION NUMBER
Universal Decimal Classification number 330.52
Common auxiliary subdivision Riqueza nacional. Propiedad nacional (PBG)
020 ## - INTERNATIONAL STANDARD BOOK NUMBER
International Standard Book Number 978-987-45650-1-3
100 1# - MAIN ENTRY--PERSONAL NAME
Personal name Salta. Dirección General de Estadísticas
245 10 - TITLE STATEMENT
Title Producto bruto geográfico
Name of part/section of a work Provincia de Salta 2012
264 #1 - PRODUCTION, PUBLICATION, DISTRIBUTION, MANUFACTURE, AND COPYRIGHT NOTICE
Place of production, publication, distribution, manufacture Salta :
Name of producer, publisher, distributor, manufacturer Dirección General de Estadística
Date of production, publication, distribution, manufacture, or copyright notice 2012
300 ## - PHYSICAL DESCRIPTION
Extent 68 p.
Dimensions 23 cm.
505 ## - FORMATTED CONTENTS NOTE
Formatted contents note 1. Aspectos metodológicos - 2. Producto Bruto Geográfico de Salta 1993-2012 - 3. Sectores económicos en el Producto Bruto Geográfico 1993-2012 - 4. Análisis por Rama de actividad - 5. Producto Bruto Geográfico y Producto Bruto Interno.
590 ## - LOCAL NOTE (RLIN)
Local note niveau_biblio:m niveau_hierar:0
650 ## - SUBJECT ADDED ENTRY--TOPICAL TERM
Topical term or geographic name entry element PRODUCTO BRUTO GEOGRÁFICO
650 ## - SUBJECT ADDED ENTRY--TOPICAL TERM
Topical term or geographic name entry element producto bruto geografico
856 41 - ELECTRONIC LOCATION AND ACCESS
Uniform Resource Identifier <a href="https://www.biblioeco.unsa.edu.ar/pmb/images/libros/L127436.jpg">https://www.biblioeco.unsa.edu.ar/pmb/images/libros/L127436.jpg</a>
Link text Imagen de portada
Electronic format type image/jpeg
942 ## - ADDED ENTRY ELEMENTS (KOHA)
Koha item type
Existencias
Withdrawn status Lost status Damaged status Not for loan Home library Current library Shelving location Date acquired Total checkouts Full call number Barcode Date last seen Price effective from Koha item type
        Biblioteca Prof. Eusebio Cleto del Rey Biblioteca Prof. Eusebio Cleto del Rey   07/04/2026   R330.52 S176/2012 L127436 07/04/2026 07/04/2026 Libro